الإدارة الإستراتيجية : (رقم التسجيلة. 81513)

تفاصيل مارك
000 -الفاتح
حقل البيانات ثابتة الطول 01070nam a2200265 4500
003 - محدد رقم الضبط
رقم الضبط OSt
005 - وقت وتاريخ اخر تعامل مع التسجيلة
رقم الضبط 20220816144621.0
008 - عناصر البيانات ثابتة الطول - معلومات عامة
حقل البيانات ثابتة الطول 220816b2018 su ||||f |||| 00| 0 ara d
020 ## - الرقم الدولى المعيارى للكتب
الرقم الدولى المعيارى للكتاب 9786039100362
040 ## - مصدر الفهرسة
وكالة الفهرسة الأصلية Ma-Un
وكالة النسخ Ma-Un
082 04 - رقم تصنيف ديوى العشرى
رقم التصنيف 658.4012
رقم المادة ع أ إ
رقم الطبعة 21
100 1# - المدخل الرئيسى - إسم شخصى
الإسم الشخصى عباس، أنس عبد الباسط
245 12 - بيان العنوان
العنوان الإدارة الإستراتيجية :
بقية العنوان رؤية معاصرة = Strategic management : Contemporary vision /
بيان المسئوليه,etc د. أنس عبد الباسط عباس.
246 30 - العنوان الموازى
عنوان صحيح/عنوان مختصر الإدارة الإستراتيجية
246 31 - العنوان الموازى
عنوان صحيح/عنوان مختصر Strategic management :
بقية العنوان Contemporary vision
246 30 - العنوان الموازى
عنوان صحيح/عنوان مختصر Strategic management
250 ## - بيان الطبعة
بيان الطبعة ط. 1.
260 ## - PUBLICATION, DISTRIBUTION, ETC. (IMPRINT)
مكان الناشر او الموزع الرياض :
اسم الناشر او الموزع دار النشر الدولي للنشر والتوزيع،
تاريخ النشر أو التوزيع 2018
تاريخ النشر هجري 1439.
300 ## - الوصف المادى
التعداد 376 ص. :
تفاصيل ماديه اخرى للوعاء إيض. ؛
أبعاد الوعاء 24 سم.
504 ## - تبصرة ببليوجرافية
تبصرة ببليوجرافية,الخ يشتمل على قائمة ببليوجرافية.
650 #7 - المدخل الاضافى بالموضوع-مصطلح موضوعى
مصطلح موضوعي أو اسم جغرافي كعنصر مدخل الإدارة الاستراتيجية
650 #7 - المدخل الاضافى بالموضوع-مصطلح موضوعى
مصطلح موضوعي أو اسم جغرافي كعنصر مدخل إدارة الأفراد
650 #7 - المدخل الاضافى بالموضوع-مصطلح موضوعى
مصطلح موضوعي أو اسم جغرافي كعنصر مدخل إدارة الأعمال
952 ## - LOCATION AND ITEM INFORMATION (KOHA)
نوع المادة فى نظام كوها كتاب
952 ## - LOCATION AND ITEM INFORMATION (KOHA)
نوع المادة فى نظام كوها كتاب
952 ## - LOCATION AND ITEM INFORMATION (KOHA)
نوع المادة فى نظام كوها كتاب
952 ## - LOCATION AND ITEM INFORMATION (KOHA)
نوع المادة فى نظام كوها كتاب
952 ## - LOCATION AND ITEM INFORMATION (KOHA)
نوع المادة فى نظام كوها كتاب
952 ## - LOCATION AND ITEM INFORMATION (KOHA)
نوع المادة فى نظام كوها كتاب
952 ## - LOCATION AND ITEM INFORMATION (KOHA)
نوع المادة فى نظام كوها كتاب
952 ## - LOCATION AND ITEM INFORMATION (KOHA)
نوع المادة فى نظام كوها كتاب
952 ## - LOCATION AND ITEM INFORMATION (KOHA)
نوع المادة فى نظام كوها كتاب
952 ## - LOCATION AND ITEM INFORMATION (KOHA)
نوع المادة فى نظام كوها كتاب
952 ## - LOCATION AND ITEM INFORMATION (KOHA)
نوع المادة فى نظام كوها كتاب
952 ## - LOCATION AND ITEM INFORMATION (KOHA)
نوع المادة فى نظام كوها كتاب
952 ## - LOCATION AND ITEM INFORMATION (KOHA)
نوع المادة فى نظام كوها كتاب
952 ## - LOCATION AND ITEM INFORMATION (KOHA)
نوع المادة فى نظام كوها كتاب
952 ## - LOCATION AND ITEM INFORMATION (KOHA)
نوع المادة فى نظام كوها كتاب
952 ## - LOCATION AND ITEM INFORMATION (KOHA)
نوع المادة فى نظام كوها كتاب
952 ## - LOCATION AND ITEM INFORMATION (KOHA)
نوع المادة فى نظام كوها كتاب
942 ## -
-- ddc
-- BOOK
المقتنيات
حالة الفقد نموذج السعر الفعال حالة تلف ليس للاعارة تاريخ الاكتساب رقم الطلب تاريخ الاكتساب الموقع الحالي الباركود الفرع الرئيسي Date last seen مصدر التصنيف او خطة الترفيف Total Checkouts
  2022-08-16   Not For Loan 2022-08-16 658.4012 ع أ إ 2022-08-16 CL 00186068 المكتبة المركزية بالمجمعة (CL) 2022-08-16 Dewey Decimal Classification  
  2022-08-16     2022-08-16 658.4012 ع أ إ 2022-08-16 CL 00186069 المكتبة المركزية بالمجمعة (CL) 2022-08-16 Dewey Decimal Classification  
  2022-08-16     2022-08-16 658.4012 ع أ إ 2022-08-16 CL 00186070 المكتبة المركزية بالمجمعة (CL) 2022-08-16 Dewey Decimal Classification  
  2022-08-16   Not For Loan 2022-08-16 658.4012 ع أ إ 2022-08-16 IC 00186071 قسم الاجراءات الفنية (IC) 2022-08-16 Dewey Decimal Classification  
  2022-08-16     2022-08-16 658.4012 ع أ إ 2022-08-16 IC 00186072 قسم الاجراءات الفنية (IC) 2022-08-16 Dewey Decimal Classification  
  2022-08-16   Not For Loan 2022-08-16 658.4012 ع أ إ 2022-08-16 IC 00186073 قسم الاجراءات الفنية (IC) 2022-08-16 Dewey Decimal Classification  
  2022-08-16     2022-08-16 658.4012 ع أ إ 2022-08-16 IC 00186074 قسم الاجراءات الفنية (IC) 2022-08-16 Dewey Decimal Classification  
  2022-08-16   Not For Loan 2022-08-16 658.4012 ع أ إ 2022-08-16 IC 00186079 قسم الاجراءات الفنية (IC) 2022-08-16 Dewey Decimal Classification  
  2022-08-16     2022-08-16 658.4012 ع أ إ 2022-08-16 IC 00186080 قسم الاجراءات الفنية (IC) 2022-08-16 Dewey Decimal Classification  
  2022-08-16   Not For Loan 2022-08-16 658.4012 ع أ إ 2022-08-16 IC 00186081 قسم الاجراءات الفنية (IC) 2022-08-16 Dewey Decimal Classification  
  2022-08-16     2022-08-16 658.4012 ع أ إ 2022-08-16 IC 00186082 قسم الاجراءات الفنية (IC) 2022-08-16 Dewey Decimal Classification  
  2022-08-16   Not For Loan 2022-08-16 658.4012 ع أ إ 2022-08-16 SRF 00186075 مكتبة كلية العلوم و الدراسات الإنسانية برماح - طالبات (SRF) 2022-08-16 Dewey Decimal Classification  
  2022-08-16     2022-08-16 658.4012 ع أ إ 2022-08-16 SRF 00186076 مكتبة كلية العلوم و الدراسات الإنسانية برماح - طالبات (SRF) 2022-08-16 Dewey Decimal Classification  
  2022-08-16   Not For Loan 2022-08-16 658.4012 ع أ إ 2022-08-16 SRM 00186077 مكتبة كلية العلوم و الدراسات الإنسانية برماح - طلاب (SRM) 2022-08-16 Dewey Decimal Classification  
  2022-08-16     2022-08-16 658.4012 ع أ إ 2022-08-16 SRM 00186078 مكتبة كلية العلوم و الدراسات الإنسانية برماح - طلاب (SRM) 2022-08-16 Dewey Decimal Classification  
  2022-08-16   Not For Loan 2022-08-16 658.4012 ع أ إ 2022-08-16 SZM 00186083 مكتبة مجمع الكليات بالزلفى - طلاب (SZM) 2022-08-16 Dewey Decimal Classification  
  2022-08-16     2022-08-16 658.4012 ع أ إ 2022-08-16 SZM 00186084 مكتبة مجمع الكليات بالزلفى - طلاب (SZM) 2022-08-16 Dewey Decimal Classification